Score 0/10 Timer 01:00
0 Plays Today
% Correct
Copper
97.3%
Silver
97.2%
Gold
97.2%
Iron
97.1%
Aluminum
96.9%
Nickel
96.5%
Lead
95.9%
Zinc
95.5%
Chromium
92%
Manganese
91.6%

Today's Daily Dose

Remove Ads.
Support Sporcle.
Get the best of Sporcle when you Go Orange. This ad-free experience offers more features, more stats, and more fun while also helping to support Sporcle. Thank you for becoming a member.

You're not logged in!

Compare scores with friends on all Sporcle quizzes.
OR
Log In

Show Comments

Extras

Top Quizzes Today


Score Distribution

Your Account Isn't Verified!

In order to create a playlist on Sporcle, you need to verify the email address you used during registration. Go to your Sporcle Settings to finish the process.

Report this User

Report this user for behavior that violates our Community Guidelines.

Details: